000 00836nam a2200265 a 4500
001 50456
003 BD-RJUL
005 20211209075518.0
008 160827s1956 stka 001 0 eng d
035 _a(BD-RjUL)50576
040 _aFQG
_dOCL
_beng
_cBD-RjUL
041 _aeng
082 _a512.83
_bAID 1962
100 1 _aAitken, A. C.
_q(Alexander Craig),
_d1895-1967
_9151174
245 1 0 _aDeterminants and matrices /
_cby A.C. Aitken.
250 _a9th ed.
260 _aEdinburgh :
_bOliver & Boyd ;
_aNew York :
_bInterscience Publishers,
_c1956 [printings 1958-62]
300 _avii, 144 p :
_bill. ;
_c19 cm.
490 1 _aUniversity mathematical texts
500 _aIncludes index.
650 0 _aDeterminants.
_9151175
650 0 _aMatrices.
_9118267
830 0 _aUniversity mathematical texts
_9150921
942 _2ddc
_cBK
999 _c50456
_d50456